Antología (Registro nro. 1586)
[ vista simple ]
| 000 -CABECERA | |
|---|---|
| Longitud fija campo de control | 01089nam a2200253Ia 4500 |
| 001 - NÚMERO DE CONTROL | |
| Número de control | 477205 |
| 003 - IDENTIFICADOR DEL NÚMERO DE CONTROL | |
| Identificador del número de control | EcQuBN |
| 007 - CAMPO FIJO DE DESCRIPCIÓN FÍSICA--INFORMACIÓN GENERAL | |
| Campo fijo de descripción física | ta |
| 008 - DATOS DE LONGITUD FIJA--INFORMACIÓN GENERAL | |
| Códigos de información de longitud fija | 130917s2007 ec gr 001 0 spa d |
| 020 ## - NÚMERO INTERNACIONAL ESTÁNDAR DEL LIBRO | |
| Número Internacional Normalizado para Libros (ISBN) | 9978320210 |
| 040 ## - FUENTE DE LA CATALOGACIÓN | |
| Centro catalogador de origen | EcQuBN |
| 041 1# - CÓDIGO DE LENGUA | |
| Código de lengua del texto;banda sonora o título independiente | spa |
| 082 ## - NÚMERO DE LA CLASIFICACIÓN DECIMAL DEWEY | |
| Número de clasificación | 335.09866 |
| Número de documento | A447 |
| 084 ## - OTRO NÚMERO DE CLASIFICACIÓN | |
| Número de clasificación | FER2Lb008119 |
| 100 1# - ENTRADA PRINCIPAL--NOMBRE DE PERSONA | |
| Nombre de persona | Almeida Cabrera, Laura |
| 9 (RLIN) | 440 |
| 245 10 - MENCIÓN DE TÍTULO | |
| Título | Antología |
| Mención de responsabilidad, etc. | Laura Almeida Cabrera ; Estudio introductorio de Silvia Vega Ugalde |
| 260 ## - PUBLICACIÓN, DISTRIBUCIÓN, ETC. (PIE DE IMPRENTA) | |
| Lugar de publicación, distribución, etc. | Quito, Ecuador : |
| Nombre del editor, distribuidor, etc. | La Tierra |
| Fecha de publicación, distribución, etc. | 2007 |
| 300 ## - DESCRIPCIÓN FÍSICA | |
| Extensión | 198 p. ; |
| Dimensiones | 21 cm. |
| 336 ## - TIPO DE CONTENIDO | |
| Content type term | texto |
| Content type code | txt |
| 337 ## - TIPO DE MEDIO | |
| Media type term | no mediado |
| Media type code | n |
| 338 ## - TIPO DE PORTADOR | |
| Carrier type term | volumen |
| Carrier type code | nc |
| 490 1# - MENCIÓN DE SERIE | |
| Mención de serie | Pensamiento Socialista |
| Número de volumen/designación secuencial | no. 5 |
| 504 ## - NOTA DE BIBLIOGRAFÍA, ETC. | |
| Nota de bibliografía, etc. | Bibliografía: p. 189 |
| 505 0# - NOTA DE CONTENIDO CON FORMATO | |
| Nota de contenido con formato preestablecido | Estudio introductorio -- Antología: Luisa Gómez de la Torre -- Informe. Comité Ejecutivo nacional del Partido Socialista Revolucionario Ecuatoriano al XXXI Congreso del partido -- Algunas disquisiciones acerca de la sociedad moderna, la sociedad ecuatoriana y los objetivos de la educación -- Bolívar -- Manuela Cañizares, mujer ilustre y discriminada -- Quito, principio de nacionalidad quiteña, |
| 590 0# - NOTA LOCAL (RLIN) | |
| Nota local | pv |
| 650 #4 - PUNTO DE ACCESO ADICIONAL DE MATERIA--TÉRMINO DE MATERIA | |
| Nombre de materia o nombre geográfico como elemento de entrada | Socialismo en Ecuador |
| Subdivisión geográfica | Ecuador |
| 9 (RLIN) | 15842 |
| 700 #4 - PUNTO DE ACCESO ADICIONAL--NOMBRE DE PERSONA | |
| Nombre de persona | Vega Ugalde, Silvia, |
| Término indicativo de función | introd. |
| 9 (RLIN) | 8526 |
| Fechas asociadas al nombre | 1959- |
| 942 ## - ELEMENTOS DE PUNTO DE ACCESO ADICIONAL (KOHA) | |
| Fuente de clasificaión o esquema | Número de Clasificación Local |
| Koha [por defecto] tipo de item | Monografía |
| Suprimido | Perdido | Fuente de clasificación o esquema | Estropeado | Restricciones de uso | No se presta | Koha Colección | Localización (Biblioteca) | Localización actual | Localización en estanterías | Fecha adquisición | Préstamos totales | Clasificación completa | Designación de pieza (código de barras) | Fecha última consulta | Número de ejemplar | Fecha del precio de reemplazo | Tipo de item de Koha | Serie de enumeración ; cronología |
|---|---|---|---|---|---|---|---|---|---|---|---|---|---|---|---|---|---|---|
| Disponible | Dewey Decimal Classification | Sin daños | Sin restricciones de uso | Disponible para préstamo | Biblioteca CCE - El Oro | Biblioteca CCE - El Oro | En Col. | 30/11/2016 | 335.098/A447 | CCEORO'007495 | 30/11/2016 | Ej.1 | 30/11/2016 | Monografía | t.1 | |||
| Disponible | Dewey Decimal Classification | Sin daños | Sin restricciones de uso | Disponible para préstamo | Biblioteca CCE - Imbabura | Biblioteca CCE - Imbabura | En Col. | 22/06/2016 | 335.098/A447 | CCE-IMB16066236 | 22/06/2016 | Ej.1 | 22/06/2016 | Monografía | v.5 | |||
| Disponible | Número de Clasificación Local | Sin daños | Acceso Restringido | No para préstamo | Biblioteca y Archivo de la CCE | Biblioteca y Archivo de la CCE | 19/03/2013 | FER2Lb008119 | E0014077 | 17/09/2013 | Ej.1 | 17/09/2013 | Monografía | |||||
| Disponible | Número de Clasificación Local | Sin daños | Sin restricciones de uso | Disponible para préstamo | Biblioteca y Archivo de la CCE | Biblioteca y Archivo de la CCE | 19/03/2013 | FER2Lb008119 | E0014078 | 17/09/2013 | Ej.2 | 17/09/2013 | Monografía | |||||
| Disponible | Número de Clasificación Local | Sin daños | Sin restricciones de uso | Disponible para préstamo | Biblioteca y Archivo de la CCE | Biblioteca y Archivo de la CCE | 19/03/2013 | FER2Lb008119 | E0014079 | 17/09/2013 | Ej.3 | 17/09/2013 | Monografía |























